Online
Catalog

Programa : (Record no. 28675)

MARC details
000 -CABECERA
campo de control de longitud fija 00594nam a2200157 a 4500
001 - NÚMERO DE CONTROL
campo de control 000029183
005 - FECHA Y HORA DE LA ÚLTIMA TRANSACCIÓN
campo de control 20200930055400.0
008 - DATOS DE LONGITUD FIJA--INFORMACIÓN GENERAL
campo de control de longitud fija 110303s2007 dr 000 0 spa d
040 ## - FUENTE DE LA CATALOGACIÓN
Centro catalogador/agencia de origen DO-SdBNP
Lengua de catalogación spa
Centro/agencia transcriptor BNPHU
082 ## - NÚMERO DE LA CLASIFICACIÓN DECIMAL DEWEY
Número de clasificación xxx
Número de documento/Ítem F356
049 ## - FONDOS LOCALES (OCLC)
Fondos de biblioteca BNPD
111 2# - ENTRADA PRINCIPAL--NOMBRE DE CONGRESO/REUNIÓN
Nombre de congreso/reunión o jurisdicción como elemento de entrada Feria Regional del Libro
Número del congreso/reunión o número de parte o sección (4a. :
Fecha del congreso/reunión 2007 abr. - octubre 30 al 4 de noviembre
Sede del congreso/Lugar de la reunión San Juan, República Dominicana)
9 (RLIN) 56102
245 10 - MENCIÓN DE TÍTULO
Título Programa :
Resto del título la lectura ofrece otro punto de vista.
260 ## - PUBLICACIÓN, DISTRIBUCIÓN, ETC.
Lugar de publicación, distribución, etc. San Juan, República Dominicana :
Nombre del editor, distribuidor, etc. Dirección General de la Feria del Libro,
Fecha de publicación, distribución, etc. 2007
Fabricante Ediciones Ferilibro
300 ## - DESCRIPCIÓN FÍSICA
Extensión 79 p. ;
Dimensiones 23 cm.
Holdings
Estado de retiro Estado de pérdida Restricciones de uso No para préstamo Código de colección Localización permanente Ubicación/localización actual Ubicación en estantería Fecha de adquisición Número de inventario Total de préstamos Signatura topográfica completa Código de barras Fecha visto por última vez Número de copia Precio válido a partir de Tipo de ítem Koha
        Dominicana de Servicio General General En catalogación 14.04.2011 LF1   xxx F356 29183-30 25.06.2020 e. 3 25.06.2020 Libro y Folleto Colección Dominicana de Servicio
      Excluido de préstamo Patrimonio Dominicano Patrimonio Dominicano Patrimonio Dominicano Depósito 14.04.2011 LF1   xxx F356 29183-10 25.06.2020   25.06.2020 Libro y Folleto Colección Patrimonio Dominicano
      Excluido de préstamo Patrimonio Dominicano Patrimonio Dominicano Patrimonio Dominicano En catalogación 14.04.2011 LF1   xxx F356 29183-20 25.06.2020 e. 2 25.06.2020 Libro y Folleto Colección Patrimonio Dominicano

Powered by Koha